000 00536 a2200169 4500
005 20250516072756.0
020 _a978-0-07-351346-1
082 _aLECT 428.407 COR
100 _aCORTINA, J.
245 _aNew Worlds: An Introduction to College Reading
250 _a3rd Ed.
260 _aBoston,
_bMcgraw-Hill,
_c2008.
300 _axxvi, 661p.: ill.; figure, map, picture, table.
_bIndex.
_c23cm.
700 _aELDER, J.
856 _yAccess Online Book
_fNew Worlds: An Introduction to College Reading
_dwww.mhhe.com
942 _2ddc
_cBKS
999 _c2155
_d2155